[Event "NRW Class2 1819"]
[Site "Germany"]
[Date "2018.11.18"]
[Round "3.6"]
[White "Hille, Ralph Ingo"]
[Black "Roemhild, Marcus"]
[Result "0-1"]
[WhiteElo "2066"]
[BlackElo "2047"]
[PlyCount "138"]
[EventDate "2018.09.16"]
[EventType "team-tourn"]
[EventRounds "9"]
[EventCountry "GER"]
[SourceTitle "EXT 2022"]
[Source "ChessBase"]
[SourceDate "2021.10.06"]
[SourceVersion "1"]
[SourceVersionDate "2021.10.06"]
[SourceQuality "1"]
[WhiteTeam "Sodingen/Castrop SK"]
[BlackTeam "Bielefeld"]
[WhiteTeamCountry "GER"]
[BlackTeamCountry "GER"]

1. b3 c5 2. Bb2 Nc6 3. f4 Nf6 4. Nf3 d5 5. e3 e6 6. Bb5 Bd7 7. 0-0 a6 8. Bxc6 Bxc6 9. Ne5 Rc8 10. d3 Be7 11. Nd2 0-0 12. Qe2 b5 13. c4 Bb7 14. Rad1 Qa5 15. a3 Qb6 16. Ndf3 Rcd8 17. h3 Ne8 18. Qc2 f6 19. Ng4 Nd6 20. cxd5 exd5 21. Kh2 h5 22. Nf2 Nf5 23. Rfe1 Bd6 24. Bc1 d4 25. e4 Ne3 26. Bxe3 dxe3 27. Nh1 Bxf4+ 28. g3 Bh6 29. Nh4 Bc8 30. Qe2 Rfe8 31. Qxh5 Re5 32. Qf3 Qd6 33. Ng2 Qe6 34. g4 Qxb3 35. Nxe3 Rxd3 36. Rxd3 Qxd3 37. Ng3 Bb7 38. Qf2 Bxe4 39. g5 Bxg5 40. Ng4 Re8 41. Nxe4 Rxe4 42. Rxe4 Qxe4 43. Qxc5 Qe6 44. Kg2 Qa2+ 45. Kf3 Qb3+ 46. Ke4 Qe6+ 47. Kf3 Qc4 48. Qe7 Qc6+ 49. Kg3 Bc1 50. h4 Qc3+ 51. Kg2 Qc2+ 52. Nf2 Qc6+ 53. Kg3 Qc3+ 54. Kg2 Bxa3 55. Qe8+ Bf8 56. Qe6+ Kh8 57. Qxa6 Qe5 58. Qa8 Kg8 59. Qa2+ Kh7 60. Qa8 Bd6 61. Ne4 Qh2+ 62. Kf1 Be5 63. Ng5+ fxg5 64. Qe4+ Kh6 65. Qc6+ g6 66. hxg5+ Kxg5 67. Qxb5 Qf4+ 68. Kg2 Qe4+ 69. Kf2 Kg4 0-1

[Event "NRW Class2 1819"]
[Site "Germany"]
[Date "2018.10.14"]
[Round "2.3"]
[White "Hille, Ralph Ingo"]
[Black "Koehler, Christian Friedrich"]
[Result "0-1"]
[WhiteElo "2066"]
[BlackElo "2268"]
[PlyCount "192"]
[EventDate "2018.09.16"]
[EventType "team-tourn"]
[EventRounds "9"]
[EventCountry "GER"]
[SourceTitle "EXT 2022"]
[Source "ChessBase"]
[SourceDate "2021.10.06"]
[SourceVersion "1"]
[SourceVersionDate "2021.10.06"]
[SourceQuality "1"]
[WhiteTeam "Sodingen/Castrop SK"]
[BlackTeam "Godesberg"]
[WhiteTeamCountry "GER"]
[BlackTeamCountry "GER"]

1. b3 e5 2. Bb2 Nc6 3. e3 Nf6 4. Nf3 e4 5. Nd4 Nxd4 6. Bxd4 d5 7. c4 c6 8. Nc3 Be7 9. cxd5 cxd5 10. Be2 0-0 11. 0-0 b6 12. f3 Bb7 13. Qe1 exf3 14. Bxf3 Ne4 15. Nxe4 dxe4 16. Qg3 f6 17. Bg4 Ba6 18. Rf2 Qd6 19. Qxd6 Bxd6 20. Rc1 Rfe8 21. g3 Bd3 22. Rc6 Bb4 23. Bc3 Bb5 24. Re6 Bf8 25. Rf4 Bd3 26. Kf2 Rxe6 27. Bxe6+ Kh8 28. g4 Re8 29. Bd5 h6 30. h4 Bd6 31. Rf5 Kh7 32. h5 Re7 33. Ke1 Ba6 34. Bc4 Bc8 35. Rd5 Bg3+ 36. Kf1 Bxg4 37. Be2 Bh3+ 38. Kg1 Rd7 39. Rxd7 Bxd7 40. Kg2 Bd6 41. d4 Be6 42. Be1 Bd7 43. Bg3 Bb4 44. Bb8 a5 45. a4 Kg8 46. Bc7 Kf7 47. Bxb6 Ke6 48. Bc7 Bd2 49. Bc4+ Ke7 50. Kf2 Be8 51. Bd5 Bxh5 52. Bxe4 Bd1 53. Bd5 Kd7 54. Bb6 f5 55. Bc5 g5 56. Bf8 h5 57. Bh6 g4 58. Bg5 Kd6 59. Bf7 Bc2 60. Bxh5 Bxb3 61. Be8 Bd5 62. Bf4+ Ke6 63. Bb5 Bb4 64. Ba6 Be4 65. Bc8+ Ke7 66. Bg5+ Kd6 67. Bf4+ Ke7 68. Bg5+ Kf7 69. Ba6 Bc2 70. Bc4+ Kg6 71. Bd8 Bxa4 72. Be6 Bc2 73. Bc7 a4 74. d5 Kf6 75. Bb6 Bc3 76. Bc5 Ke5 77. Ba3 Ba5 78. Ke2 g3 79. Kf3 Be1 80. Bb2+ Kd6 81. Ba3+ Kc7 82. d6+ Kd8 83. Bb2 Be4+ 84. Kf4 Bc6 85. Bf6+ Ke8 86. d7+ Bxd7 87. Bd5 Be6 88. Bc6+ Kf7 89. Bd4 Bf2 90. Kf3 a3 91. Be5 a2 92. Bc3 Bb3 93. Kg2 Ke6 94. Kf3 Bd5+ 95. Bxd5+ Kxd5 96. Bd4 f4 0-1

[Event "NRW Class2 1819"]
[Site "Germany"]
[Date "2018.09.16"]
[Round "1.5"]
[White "Kueppers, Timo"]
[Black "Hille, Ralph Ingo"]
[Result "1-0"]
[WhiteElo "2247"]
[BlackElo "2066"]
[PlyCount "131"]
[EventDate "2018.09.16"]
[EventType "team-tourn"]
[EventRounds "9"]
[EventCountry "GER"]
[SourceTitle "EXT 2022"]
[Source "ChessBase"]
[SourceDate "2021.10.06"]
[SourceVersion "1"]
[SourceVersionDate "2021.10.06"]
[SourceQuality "1"]
[WhiteTeam "Essen Katernberg"]
[BlackTeam "Sodingen/Castrop SK"]
[WhiteTeamCountry "GER"]
[BlackTeamCountry "GER"]

1. c4 b6 2. e4 Bb7 3. Nc3 e6 4. Nge2 Nf6 5. d3 c5 6. g3 d5 7. exd5 exd5 8. Bg2 Qd7 9. Nf4 dxc4 10. Bxb7 Qxb7 11. 0-0 Be7 12. Nfd5 Nc6 13. Qf3 0-0-0 14. dxc4 Nxd5 15. Nxd5 Bd6 16. Be3 h5 17. h4 Ne5 18. Qe4 Qd7 19. Rfd1 Qg4 20. Qxg4+ hxg4 21. Rac1 Rhe8 22. Kg2 Nf3 23. a3 Be5 24. Rb1 Bd4 25. b4 Re4 26. bxc5 Bxc5 27. Bxc5 bxc5 28. Rdc1 Nd4 29. Rb2 Re2 30. Rxe2 Nxe2 31. Re1 Nd4 32. Re5 f6 33. Re4 f5 34. Re5 g6 35. Ne3 Nb3 36. Re6 Rg8 37. Nd5 Kd7 38. Ra6 Rb8 39. Rxa7+ Kd6 40. Ra6+ Ke5 41. Rxg6 Nd2 42. Rb6 Ra8 43. Nc7 Ra4 44. Re6+ Kd4 45. Rd6+ Kc3 46. Nd5+ Kb3 47. Nb6 Ra6 48. h5 Ne4 49. Rg6 Rxa3 50. h6 Ra7 51. Rg7 Rxg7 52. hxg7 Nf6 53. Nd5 Ng8 54. Ne3 Kc3 55. Nxf5 Kxc4 56. Ne3+ Kd3 57. Nxg4 c4 58. Ne3 c3 59. Kf3 Kd2 60. g4 Kd3 61. Nd5 Kd2 62. Nxc3 Kxc3 63. Ke4 Nf6+ 64. Kf5 Ng8 65. Ke6 Kd4 66. g5 1-0

[Event "Ruhrgebiet Regionalliga 1718"]
[Site "Germany"]
[Date "2017.10.01"]
[Round "1"]
[White "Hille, Ralph Ingo"]
[Black "Dewenter, Ulf"]
[Result "1/2-1/2"]
[WhiteElo "2061"]
[BlackElo "2120"]
[PlyCount "96"]
[EventDate "2017.10.01"]
[EventType "team-tourn"]
[EventRounds "9"]
[EventCountry "GER"]
[SourceTitle "EXT 2022"]
[Source "ChessBase"]
[SourceDate "2021.10.06"]
[SourceVersion "1"]
[SourceVersionDate "2021.10.06"]
[SourceQuality "1"]
[WhiteTeam "Sodingen/Castrop SK"]
[BlackTeam "Borbeck Weisse Dame"]
[WhiteTeamCountry "GER"]
[BlackTeamCountry "GER"]

1. b3 e5 2. Bb2 Nc6 3. e3 Nf6 4. Bb5 Bd6 5. Na3 Na5 6. Nf3 Qe7 7. Qc1 c6 8. Be2 0-0 9. c4 b6 10. Nc2 c5 11. d4 exd4 12. exd4 Re8 13. Qe3 Qxe3 14. Nxe3 cxd4 15. Bxd4 Bb4+ 16. Kf1 Bb7 17. Bxf6 gxf6 18. Rd1 Rad8 19. h4 Bc5 20. Nd5 Bxd5 21. Rxd5 Nc6 22. h5 Ne7 23. Rd3 d5 24. Rh4 dxc4 25. Rxc4 Rxd3 26. Bxd3 h6 27. b4 Bd6 28. Rd4 Rd8 29. b5 Bc7 30. Be4 Rxd4 31. Nxd4 Be5 32. Nf3 Kg7 33. Ke2 Bd6 34. g4 Bc5 35. Nd2 Nc8 36. Nb3 Bd6 37. Nd4 Ne7 38. f3 Be5 39. Nc2 Kf8 40. Kd3 Ke8 41. Kc4 Kd7 42. Ne3 Kd6 43. Nd5 Nxd5 44. Bxd5 Bb2 45. Bxf7 Ke5 46. Bg6 Bc1 47. Bf5 Bd2 48. Kd3 Bc1 1/2-1/2

[Event "NRW Class2 1516"]
[Site "Germany"]
[Date "2016.04.03"]
[Round "8.6"]
[White "Hille, Ralph Ingo"]
[Black "Niermann, Tristan"]
[Result "1-0"]
[WhiteElo "2043"]
[BlackElo "1995"]
[PlyCount "53"]
[EventDate "2015.09.27"]
[EventType "team-tourn"]
[EventRounds "9"]
[EventCountry "GER"]
[SourceTitle "EXT 2017"]
[Source "ChessBase"]
[SourceDate "2016.10.25"]
[SourceVersion "1"]
[SourceVersionDate "2016.10.25"]
[SourceQuality "1"]
[WhiteTeam "Sodingen"]
[BlackTeam "Lieme"]
[WhiteTeamCountry "GER"]
[BlackTeamCountry "GER"]

1. d4 d5 2. Nf3 Nf6 3. c4 c6 4. Nc3 dxc4 5. a4 Bf5 6. Ne5 Nbd7 7. Nxc4 Qc7 8. Qd2 g6 9. f3 e5 10. e4 exd4 11. Ne2 Be6 12. Nxd4 0-0-0 13. Nxe6 fxe6 14. Qc3 Bg7 15. Be3 Kb8 16. Qb3 Ne5 17. a5 Nh5 18. Be2 Nxc4 19. Bxc4 Be5 20. g3 Rhf8 21. Rf1 Bd4 22. Bxe6 Qe5 23. Bxd4 Rxd4 24. Rd1 Qxa5+ 25. Qc3 Rxd1+ 26. Kxd1 Nf6 27. Qxa5 1-0

[Event "NRW Class2 1516"]
[Site "Germany"]
[Date "2015.09.27"]
[Round "1.6"]
[White "Hille, Ralph Ingo"]
[Black "Liedtke, Dirk"]
[Result "1/2-1/2"]
[WhiteElo "2043"]
[BlackElo "2126"]
[PlyCount "43"]
[EventDate "2015.09.27"]
[EventType "team-tourn"]
[EventRounds "9"]
[EventCountry "GER"]
[SourceTitle "EXT 2017"]
[Source "ChessBase"]
[SourceDate "2016.10.25"]
[SourceVersion "1"]
[SourceVersionDate "2016.10.25"]
[SourceQuality "1"]
[WhiteTeam "Sodingen"]
[BlackTeam "Ratingen"]
[WhiteTeamCountry "GER"]
[BlackTeamCountry "GER"]

1. b3 e5 2. Bb2 d6 3. e3 Nf6 4. d4 Nbd7 5. Nf3 e4 6. Nfd2 d5 7. c4 c6 8. Qc2 a6 9. a4 Bd6 10. Ba3 Qe7 11. Qb2 0-0 12. Nc3 Bxa3 13. Rxa3 a5 14. cxd5 cxd5 15. Be2 Nb8 16. 0-0 Nc6 17. Rc1 Nb4 18. Na2 Bd7 19. Nxb4 axb4 20. Raa1 Rfc8 21. Rxc8+ Rxc8 22. Kf1 1/2-1/2

[Event "NRW Class2 1415"]
[Site "Germany"]
[Date "2015.03.01"]
[Round "7.5"]
[White "Hille, Ralph Ingo"]
[Black "Buendgen, Achim"]
[Result "1/2-1/2"]
[WhiteElo "2072"]
[BlackElo "2166"]
[PlyCount "94"]
[EventDate "2014.09.14"]
[EventType "team-tourn"]
[EventRounds "9"]
[EventCountry "GER"]
[SourceTitle "EXT 2017"]
[Source "ChessBase"]
[SourceDate "2016.10.25"]
[SourceVersion "1"]
[SourceVersionDate "2016.10.25"]
[SourceQuality "1"]
[WhiteTeam "Castrop Rauxel"]
[BlackTeam "Neuenkirchen"]
[WhiteTeamCountry "GER"]
[BlackTeamCountry "GER"]

1. b3 e5 2. Bb2 Nc6 3. e3 d5 4. Bb5 Bd6 5. f4 Qe7 6. Nf3 f6 7. Nc3 Be6 8. 0-0 Nh6 9. fxe5 fxe5 10. e4 dxe4 11. Nxe4 Nf7 12. Qe2 0-0 13. Bxc6 bxc6 14. Rae1 Rae8 15. Kh1 a5 16. a4 Bd5 17. Qe3 Ba3 18. Bxa3 Qxa3 19. Qc5 Qxc5 20. Nxc5 e4 21. Nd4 Nd6 22. Rxf8+ Rxf8 23. Kg1 Nf5 24. Nxf5 Rxf5 25. Nxe4 Re5 26. d3 c5 27. Re2 c4 28. bxc4 Bc6 29. Nc3 Rxe2 30. Nxe2 Bxa4 31. Nd4 Bd7 32. Nb3 a4 33. Na1 c5 34. Kf2 Bc6 35. g3 Kf7 36. Ke3 Kf6 37. c3 Kf5 38. h4 Kg4 39. Kf2 a3 40. Nb3 a2 41. Na1 Ba4 42. d4 Bd1 43. Ke1 Ba4 44. Kf2 Bd1 45. d5 Ba4 46. Kg2 Bd1 47. Kf2 Ba4 1/2-1/2

[Event "Oberliga NRW 1314"]
[Site "Germany"]
[Date "2014.01.12"]
[Round "5.6"]
[White "Bus, Tom"]
[Black "Hille, Ralph Ingo"]
[Result "1/2-1/2"]
[WhiteElo "2079"]
[BlackElo "2066"]
[PlyCount "80"]
[EventDate "2013.09.15"]
[EventType "team-tourn"]
[EventRounds "9"]
[EventCountry "GER"]
[SourceTitle "EXT 2015"]
[Source "ChessBase"]
[SourceDate "2014.11.20"]
[SourceVersion "1"]
[SourceVersionDate "2014.11.20"]
[SourceQuality "1"]
[WhiteTeam "Muelheim II"]
[BlackTeam "Castrop Rauxel"]
[WhiteTeamCountry "GER"]
[BlackTeamCountry "GER"]

1. c4 b6 2. Nc3 Bb7 3. e4 e6 4. g3 f5 5. Bg2 Nf6 6. d3 fxe4 7. dxe4 Bc5 8. Nge2 Nc6 9. 0-0 0-0 10. h3 Ne5 11. a3 a5 12. Rb1 a4 13. Bg5 h6 14. Bf4 Nxc4 15. Qc2 e5 16. Nxa4 exf4 17. Qxc4+ d5 18. Qb3 Bd6 19. Nac3 Kh8 20. exd5 Qe8 21. Nxf4 Bxf4 22. gxf4 Nh5 23. Rfe1 Qf7 24. Ne2 Ra5 25. Rbd1 Rd8 26. Rd4 Bxd5 27. Bxd5 Raxd5 28. Kh2 Qf5 29. Ng3 Nxg3 30. Rxd5 Nf1+ 31. Kg2 Rxd5 32. Kxf1 Rd8 33. Qe3 Rf8 34. Kg2 Qxf4 35. Qxf4 Rxf4 36. Re7 Rc4 37. Kg3 Kh7 38. h4 Kg6 39. f3 Kf6 40. Rd7 Rc2 1/2-1/2

[Event "Oberliga NRW 1314"]
[Site "Germany"]
[Date "2013.10.06"]
[Round "2.7"]
[White "Ludwig, Peter"]
[Black "Hille, Ralph Ingo"]
[Result "1-0"]
[WhiteElo "2158"]
[BlackElo "2066"]
[PlyCount "107"]
[EventDate "2013.09.15"]
[EventType "team-tourn"]
[EventRounds "9"]
[EventCountry "GER"]
[SourceTitle "EXT 2015"]
[Source "ChessBase"]
[SourceDate "2014.11.20"]
[SourceVersion "1"]
[SourceVersionDate "2014.11.20"]
[SourceQuality "1"]
[WhiteTeam "Koeln SF"]
[BlackTeam "Castrop Rauxel"]
[WhiteTeamCountry "GER"]
[BlackTeamCountry "GER"]

1. Nf3 b6 2. e4 Bb7 3. Nc3 e6 4. d4 Bb4 5. Bd3 Nf6 6. Qe2 d5 7. 0-0 Bxc3 8. e5 Bb4 9. exf6 gxf6 10. c3 Be7 11. Bf4 Nd7 12. Rfe1 Nf8 13. a4 a5 14. Bh6 Ng6 15. h4 Bf8 16. Bd2 Bd6 17. g3 Kd7 18. b4 c6 19. Reb1 Qc7 20. bxa5 bxa5 21. c4 dxc4 22. Bxc4 Ne7 23. Be1 Rhb8 24. Rd1 Nd5 25. Nd2 f5 26. Qh5 Ke7 27. Bxd5 cxd5 28. Nf3 Rg8 29. Rdc1 Qd7 30. Bd2 f4 31. Ne5 Bxe5 32. dxe5 d4 33. Bxf4 Qd5 34. Rc7+ Kd8 35. Rxb7 Qxb7 36. Qxh7 Rf8 37. Bh6 Ke7 38. Rd1 Rac8 39. Bxf8+ Kxf8 40. h5 Qf3 41. Qh8+ Ke7 42. Qxc8 Qxd1+ 43. Kg2 Qxh5 44. Qc5+ Ke8 45. Qxa5 Qd1 46. Qa8+ Ke7 47. Qb7+ Kf8 48. a5 d3 49. a6 d2 50. a7 Qh5 51. a8Q+ Kg7 52. Qbb8 d1Q 53. Qg8+ Kh6 54. Qh8+ 1-0

[Event "NRW Class playoff"]
[Site "Germany"]
[Date "2013.05.12"]
[Round "1.6"]
[White "Hille, Ralph Ingo"]
[Black "Ciornei, Dragos"]
[Result "1/2-1/2"]
[WhiteElo "2063"]
[BlackElo "2159"]
[PlyCount "100"]
[EventDate "2013.05.12"]
[EventType "team-match"]
[EventRounds "1"]
[EventCountry "GER"]
[SourceTitle "EXT 2017"]
[Source "ChessBase"]
[SourceDate "2016.10.25"]
[SourceVersion "1"]
[SourceVersionDate "2016.10.25"]
[SourceQuality "1"]
[WhiteTeam "Castrop Rauxel"]
[BlackTeam "Oberhausen"]
[WhiteTeamCountry "GER"]
[BlackTeamCountry "GER"]

1. Nf3 Nf6 2. c4 g6 3. Nc3 Bg7 4. g3 0-0 5. Bg2 d6 6. d4 Nbd7 7. 0-0 e5 8. dxe5 dxe5 9. h3 c6 10. Be3 Qe7 11. Qb3 Re8 12. Ng5 a5 13. Rad1 h6 14. Nge4 Nxe4 15. Nxe4 a4 16. Qc2 f5 17. Nd6 Rd8 18. Nxc8 Rdxc8 19. Qd2 Rd8 20. Bxh6 Nb6 21. Qc1 Rxd1 22. Rxd1 Rd8 23. Rxd8+ Qxd8 24. c5 Nd7 25. Qc4+ Kh7 26. Bxg7 Kxg7 27. b4 axb3 28. axb3 Qe7 29. b4 e4 30. f3 exf3 31. Qd4+ Nf6 32. Bxf3 Kf7 33. Kg2 Qe6 34. g4 fxg4 35. hxg4 g5 36. Qd8 Qd7 37. Qxd7+ Nxd7 38. Kf2 Nb8 39. b5 Nd7 40. bxc6 bxc6 41. Bxc6 Nxc5 42. Ke3 Ke6 43. Kd4 Nb3+ 44. Kc3 Nc5 45. Kc4 Kd6 46. Be8 Ne4 47. Kd4 Nf6 48. Bh5 Ke6 49. e4 Nd7 50. Bg6 Ne5 1/2-1/2

[Event "NRW Class1 1112"]
[Site "Germany"]
[Date "2012.03.04"]
[Round "7.7"]
[White "Hille, Ralph Ingo"]
[Black "Berndt, Axel"]
[Result "1/2-1/2"]
[WhiteElo "2108"]
[BlackElo "2088"]
[PlyCount "82"]
[EventDate "2011.09.18"]
[EventType "team-tourn"]
[EventRounds "9"]
[EventCountry "GER"]
[SourceTitle "EXT 2015"]
[Source "ChessBase"]
[SourceDate "2014.11.20"]
[SourceVersion "1"]
[SourceVersionDate "2014.11.20"]
[SourceQuality "1"]
[WhiteTeam "Castrop Rauxel"]
[BlackTeam "Duesseldorf"]
[WhiteTeamCountry "GER"]
[BlackTeamCountry "GER"]

1. d4 Nf6 2. c4 c5 3. Nf3 cxd4 4. Nxd4 e5 5. Nc2 d5 6. cxd5 Qxd5 7. Qxd5 Nxd5 8. e4 Nb4 9. Nxb4 Bxb4+ 10. Bd2 Bxd2+ 11. Nxd2 0-0 12. Bc4 Bd7 13. 0-0-0 Bc6 14. f3 Nd7 15. Kb1 Rfd8 16. Nf1 Nb6 17. Ne3 Rd4 18. Bd5 Bxd5 19. Nxd5 Nxd5 20. Rxd4 exd4 21. exd5 Rd8 22. Rc1 h5 23. Rc7 Rxd5 24. Rxb7 h4 25. Rb4 d3 26. Kc1 Rg5 27. Rg4 Rc5+ 28. Kd2 Rc2+ 29. Kxd3 Rxb2 30. a4 h3 31. gxh3 Rxh2 32. h4 Ra2 33. Rc4 g6 34. Ke4 Kg7 35. Kd5 Rf2 36. Rf4 Rc2 37. Kd6 Rc3 38. Ke7 Re3+ 39. Kd7 Rc3 40. Ke7 Re3+ 41. Kd6 Rc3 1/2-1/2

[Event "NRW Class1 1112"]
[Site "Germany"]
[Date "2012.02.05"]
[Round "6.8"]
[White "Hille, Ralph Ingo"]
[Black "Te Bokkel, Gerrit Jan"]
[Result "0-1"]
[WhiteElo "2108"]
[BlackElo "1884"]
[PlyCount "56"]
[EventDate "2011.09.18"]
[EventType "team-tourn"]
[EventRounds "9"]
[EventCountry "GER"]
[SourceTitle "EXT 2015"]
[Source "ChessBase"]
[SourceDate "2014.11.20"]
[SourceVersion "1"]
[SourceVersionDate "2014.11.20"]
[SourceQuality "1"]
[WhiteTeam "Castrop Rauxel"]
[BlackTeam "Rheine Klein Berlin"]
[WhiteTeamCountry "GER"]
[BlackTeamCountry "GER"]

1. d4 Nf6 2. c4 c5 3. d5 b5 4. cxb5 a6 5. Nc3 axb5 6. e4 b4 7. Nb5 d6 8. Bf4 Nxe4 9. Qe2 g5 10. Be5 dxe5 11. Qxe4 f6 12. d6 Ra5 13. Nc7+ Kf7 14. dxe7 Qxc7 15. exf8Q+ Kxf8 16. Bc4 Kg7 17. Nf3 Rd8 18. Rd1 Bb7 19. Qxb7 Qxb7 20. Rxd8 Qe4+ 21. Be2 Rxa2 22. 0-0 Qxe2 23. Rxb8 Qxb2 24. h3 c4 25. Nh2 c3 26. Ng4 c2 27. Rb7+ Kg6 28. f4 gxf4 0-1

[Event "NRW Class1 1112"]
[Site "Germany"]
[Date "2012.01.08"]
[Round "5.7"]
[White "Garweg, Udo"]
[Black "Hille, Ralph Ingo"]
[Result "0-1"]
[WhiteElo "1984"]
[BlackElo "2108"]
[PlyCount "110"]
[EventDate "2011.09.18"]
[EventType "team-tourn"]
[EventRounds "9"]
[EventCountry "GER"]
[SourceTitle "EXT 2015"]
[Source "ChessBase"]
[SourceDate "2014.11.20"]
[SourceVersion "1"]
[SourceVersionDate "2014.11.20"]
[SourceQuality "1"]
[WhiteTeam "Ennepe Ruhr Sued"]
[BlackTeam "Castrop Rauxel"]
[WhiteTeamCountry "GER"]
[BlackTeamCountry "GER"]

1. e4 b6 2. d4 Bb7 3. Bd3 Nf6 4. Nc3 e6 5. Nf3 Bb4 6. Qe2 d5 7. exd5 Qxd5 8. 0-0 Bxc3 9. bxc3 0-0 10. c4 Qh5 11. Ne5 Qxe2 12. Bxe2 Nbd7 13. Nxd7 Nxd7 14. Be3 c5 15. c3 e5 16. d5 Nf6 17. Bd3 Ba6 18. Rfd1 Ne8 19. f4 e4 20. Bxe4 Nd6 21. Bf3 Rfe8 22. Bf2 Bxc4 23. f5 Rad8 24. Bg3 Kf8 25. Rd2 Rd7 26. Rad1 Red8 27. Bxd6+ Rxd6 28. Kf2 Re8 29. Re1 Rxe1 30. Kxe1 Ke7 31. Kf2 b5 32. a3 Ra6 33. Rd1 Kd6 34. Re1 Rxa3 35. Re8 Rxc3 36. Rd8+ Kc7 37. Rf8 Rxf3+ 38. gxf3 Bxd5 39. Rg8 b4 40. Ke3 b3 41. Kd3 g6 42. Kc3 Kd6 43. f4 gxf5 44. Rh8 a5 45. Rxh7 a4 46. Kb2 c4 47. Rh8 a3+ 48. Kxa3 c3 49. Rd8+ Ke6 50. Rxd5 Kxd5 51. Kxb3 Ke4 52. Kxc3 Kxf4 53. Kd2 Kf3 54. h4 Kg4 55. Ke3 f4+ 0-1

[Event "NRW Class1 1112"]
[Site "Germany"]
[Date "2011.12.04"]
[Round "4.6"]
[White "Mundorf, Johannes"]
[Black "Hille, Ralph Ingo"]
[Result "1/2-1/2"]
[WhiteElo "2200"]
[BlackElo "2108"]
[PlyCount "79"]
[EventDate "2011.09.18"]
[EventType "team-tourn"]
[EventRounds "9"]
[EventCountry "GER"]
[SourceTitle "EXT 2015"]
[Source "ChessBase"]
[SourceDate "2014.11.20"]
[SourceVersion "1"]
[SourceVersionDate "2014.11.20"]
[SourceQuality "1"]
[WhiteTeam "Muelheim Nord II"]
[BlackTeam "Castrop Rauxel"]
[WhiteTeamCountry "GER"]
[BlackTeamCountry "GER"]

1. Nf3 b6 2. g3 Bb7 3. Bg2 f5 4. c4 Nf6 5. 0-0 g6 6. Nc3 Bg7 7. d3 0-0 8. Qc2 c5 9. b3 Nc6 10. e3 e6 11. Bb2 Qe7 12. a3 d6 13. d4 Nd8 14. Ne2 Nf7 15. Nd2 Bxg2 16. Kxg2 Qb7+ 17. Kg1 g5 18. d5 Qd7 19. e4 exd5 20. exd5 Rae8 21. Rfe1 f4 22. Kg2 Nh6 23. Ng1 Nf5 24. Ndf3 h6 25. Rxe8 Rxe8 26. Bxf6 Bxf6 27. Re1 Rxe1 28. Nxe1 Kg7 29. Ne2 Be5 30. Qe4 fxg3 31. hxg3 Kf6 32. Nf3 Qh7 33. Kg1 Qg6 34. Nh2 Ne7 35. Ng4+ Kg7 36. Qxg6+ Nxg6 37. Kg2 Bb2 38. a4 h5 39. Ne3 Kf6 40. Nd1 1/2-1/2

[Event "NRW Class1 1112"]
[Site "Germany"]
[Date "2011.10.09"]
[Round "2.7"]
[White "Hille, Ralph Ingo"]
[Black "Beckmann, Klaus2"]
[Result "1/2-1/2"]
[WhiteElo "2108"]
[BlackElo "2031"]
[PlyCount "46"]
[EventDate "2011.09.18"]
[EventType "team-tourn"]
[EventRounds "9"]
[EventCountry "GER"]
[SourceTitle "EXT 2015"]
[Source "ChessBase"]
[SourceDate "2014.11.20"]
[SourceVersion "1"]
[SourceVersionDate "2014.11.20"]
[SourceQuality "1"]
[WhiteTeam "Castrop Rauxel"]
[BlackTeam "Neuenkirchen"]
[WhiteTeamCountry "GER"]
[BlackTeamCountry "GER"]

1. Nf3 Nf6 2. c4 e6 3. g3 d5 4. Bg2 Be7 5. 0-0 0-0 6. d4 dxc4 7. Ne5 Nc6 8. Nxc6 bxc6 9. e3 Rb8 10. Qe2 Rb6 11. Nd2 c3 12. bxc3 c5 13. dxc5 Bxc5 14. Nb3 Bd6 15. Rd1 Qe7 16. c4 Nd7 17. Bb2 e5 18. Rac1 Nc5 19. Nxc5 Bxc5 20. Rd5 f6 21. Bc3 Be6 22. Rd2 Rd8 23. Bd5 Rbd6 1/2-1/2

[Event "Oberliga NRW 1011"]
[Site "Germany"]
[Date "2011.01.09"]
[Round "5.8"]
[White "Hille, Ralph Ingo"]
[Black "Chilla, Jan Eric"]
[Result "1-0"]
[WhiteElo "2166"]
[BlackElo "2147"]
[PlyCount "81"]
[EventDate "2010.09.26"]
[EventType "team-tourn"]
[EventRounds "9"]
[EventCountry "GER"]
[SourceTitle "EXT 2012"]
[Source "ChessBase"]
[SourceDate "2011.11.24"]
[SourceVersion "1"]
[SourceVersionDate "2011.11.24"]
[SourceQuality "1"]
[WhiteTeam "Castrop Rauxel"]
[BlackTeam "Muenster"]
[WhiteTeamCountry "GER"]
[BlackTeamCountry "GER"]

1. b3 d5 2. Bb2 Bg4 3. g3 c6 4. Bg2 Nd7 5. c4 e6 6. d3 Ngf6 7. Nd2 Bd6 8. h3 Bh5 9. Ngf3 0-0 10. 0-0 a5 11. a3 Qe7 12. Qc2 e5 13. e4 dxe4 14. dxe4 Bxf3 15. Bxf3 Nc5 16. b4 Ne6 17. c5 Bc7 18. Nc4 Rfd8 19. Rad1 axb4 20. axb4 Nd4 21. Bxd4 Rxd4 22. Rxd4 exd4 23. Bg2 Re8 24. Re1 h5 25. Qd2 h4 26. g4 Nd5 27. e5 Rd8 28. Nd6 Bxd6 29. exd6 Qf6 30. Bxd5 cxd5 31. Rd1 Qf3 32. Qd3 Qf4 33. Qxd4 Qf3 34. Rd3 Qe2 35. Re3 Qa2 36. Re7 Ra8 37. d7 Qb1+ 38. Kg2 Ra1 39. d8Q+ Kh7 40. Qxa1 Qxa1 41. Qxd5 1-0

[Event "Oberliga NRW 1011"]
[Site "Germany"]
[Date "2010.12.19"]
[Round "4.8"]
[White "Winkels, Marcel"]
[Black "Hille, Ralph Ingo"]
[Result "1/2-1/2"]
[WhiteElo "2058"]
[BlackElo "2166"]
[PlyCount "79"]
[EventDate "2010.09.26"]
[EventType "team-tourn"]
[EventRounds "9"]
[EventCountry "GER"]
[SourceTitle "EXT 2012"]
[Source "ChessBase"]
[SourceDate "2011.11.24"]
[SourceVersion "1"]
[SourceVersionDate "2011.11.24"]
[SourceQuality "1"]
[WhiteTeam "Muelheim Nord II"]
[BlackTeam "Castrop Rauxel"]
[WhiteTeamCountry "GER"]
[BlackTeamCountry "GER"]

1. e4 g6 2. d4 Bg7 3. Nc3 d5 4. exd5 Nf6 5. Nf3 Nbd7 6. Be2 Nb6 7. 0-0 Nbxd5 8. Nxd5 Nxd5 9. c4 Nf6 10. Qb3 0-0 11. h3 c6 12. Re1 Qc7 13. Bd3 b6 14. Bg5 Be6 15. Qc2 Rad8 16. Rad1 Bc8 17. Qc1 e6 18. Bf1 Bb7 19. Ne5 c5 20. Qf4 Rxd4 21. Rxd4 Nh5 22. Rd7 Qc8 23. Qd2 f6 24. Nxg6 hxg6 25. Be3 f5 26. Bg5 Bd4 27. Re7 e5 28. Be3 Rf7 29. Rxf7 Kxf7 30. Bxd4 exd4 31. Qe2 Qd7 32. Qe5 Nf6 33. Bd3 Be4 34. Bf1 Qa4 35. b3 Qa5 36. Rd1 Bc2 37. Re1 Be4 38. Rc1 Qd2 39. Ra1 Qc3 40. Rd1 1/2-1/2